00397pab a2200133 454500008004000000100001600040245005200056260000900108300001200117362001200129650004300141650002700184773005200211180718b2011 xxu||||| |||| 00| 0 eng d aPatil, S.H. aContention issues in Israel-Palestine relations c2011 ap.6-12. aJul-Dec aIsreal - Foreign relations - Palestine aInternationalRelations aSouth Asian Journal of Socio- Political Studies